000 00418nam a2200133Ia 4500
008 100328s9999 xx 000 0 und d
082 _b73503
100 _aमराठे ह.मो.
245 _aप्रास्ताविक.
260 _bविभासा पुस्तक महाल.
630 _aप्रास्ताविक.
730 _aप्रास्ताविक.
942 _cBOOK
999 _c559224
_d559221